Bibliografie jihočeské archeologické literatury = Bibliographie der archäologischen Literatur Südböhmens : 1817-1980 /

Hlavní autor: Michálek, Jan, 1947-2022
Další autoři: Schneider, Evžen, 1934-2025, Fröhlich, Jiří, 1946-2023
Jazyk: Čeština
Vydáno: České Budějovice : Jihočeské muzeum, 1985
Vydání: 1. vyd.
Témata:
Fyzický popis: 240 s. : il. ; 23 cm
Language note: Německé resumé
Knihy
Uloženo v:
LEADER 01624nam a22004452i 4500
001 000851770
003 CZ BrMZK
005 20260310084101.0
007 ta
008 070523s1985 xr er|||||||||||cze d
015 |a cnb000012863  |z cnb000053698 
020 |c Kčs 70,00 
035 |a (OCoLC)39413147 
035 |a (OCoLC)85574289 
040 |a ABA001  |b cze  |d ABA001  |d BOA001  |e rda 
080 |a 904 
080 |a 019.942 
080 |a 902(437.1-13)"1817/1980"(01) 
080 |a 903 
100 1 |a Michálek, Jan,  |d 1947-2022  |7 jk01081446  |4 aut 
245 1 0 |a Bibliografie jihočeské archeologické literatury =  |b Bibliographie der archäologischen Literatur Südböhmens : 1817-1980 /  |c Jan Michálek, Jiří Fröhlich ; předmluva Evžen Schneider ; obálka, vazba a graf. úprava Miroslav Pechánek 
246 3 1 |a Bibliographie der archäologischen Literatur Südböhmens 1817-1980 
250 |a 1. vyd. 
264 1 |a České Budějovice :  |b Jihočeské muzeum,  |c 1985 
264 3 |b (JČT) 
300 |a 240 s. :  |b il. ;  |c 23 cm 
336 |a text  |b txt  |2 rdacontent 
337 |a bez média  |b n  |2 rdamedia 
338 |a svazek  |b nc  |2 rdacarrier 
500 |a Frontispis 
500 |a 600 výt. 
504 |a Obsahuje bibliografie a rejstříky 
546 |a Německé resumé 
655 7 |a bibliografie  |7 fd131898  |2 czenas 
700 1 |a Schneider, Evžen,  |d 1934-2025  |7 jk01111042  |4 wfw 
700 1 |a Fröhlich, Jiří,  |d 1946-2023  |7 jk01032004  |4 aut 
910 |a BOA001  |b 2-0900.968 
990 |a BK 
991 |b 200705 
996 6 |b 2619248748  |c 2-0900.968  |l MZK  |r Sklad / do 1 hodiny  |n 1  |w 000851770  |u 000010  |a 1  |e BOA001  |j MZK50  |s P